Odlesňovanie Amazonskej panvy - príčiny a možné riešenia na lokálnej a globálnej úrovni diplomová práca

Salvato in:
Dettagli Bibliografici
Autore principale: Csibrányiová, Krisztina
Ente Autore: Fakulta medzinárodných vzťahov EU. Katedra medzinárodných ekonomických vzťahov a hospodárskej diplomacie
Altri autori: Černota, Mikuláš, 1979-
Natura: Libro
Lingua:slovacco
Pubblicazione: Bratislava 2021
Tags: Aggiungi Tag
Nessun Tag, puoi essere il primo ad aggiungerne!!

MARC

LEADER 00000nbm a2200000 4500
001 0275457
005 20220314131845.4
041 0 |a slo 
044 |a SK 
245 1 0 |a Odlesňovanie Amazonskej panvy - príčiny a možné riešenia na lokálnej a globálnej úrovni  |b diplomová práca  |c Krisztina Csibrányiová ; školiteľ: Mikuláš Černota 
264 1 |a Bratislava  |c 2021 
300 |a 85 s. 
100 1 |a Csibrányiová, Krisztina 
700 1 |a Černota, Mikuláš, 1979- 
710 2 |a Fakulta medzinárodných vzťahov EU. Katedra medzinárodných ekonomických vzťahov a hospodárskej diplomacie